12 znaków zodiaku chińskiego - Statystyki

Ogólne statystyki
  • Ten quiz został rozwiązany 88 razy
  • Średni wynik to 7 z 12
Statystyki odpowiedzi
% Poprawnych
Świnia
77%
Smok
76%
Pies
75%
Tygrys
75%
Wąż
72%
Szczur
66%
Koń
58%
Kogut
56%
Małpa
52%
Koza
45%
Królik
38%
Bawół
24%
Nie znaleziono quizów pasujących do podanych kryteriów
Rozkład punktacji
Procent ludzi z każdym wynikiem
Percentyl według liczby udzielonych odpowiedzi
Twoja historia wyników
Nie rozwiązałeś tego quizu